000 00432nmm a2200157Ia 4500
008 251105s9999||||xx |||||||||||||||||und||
020 _a9788431541460
041 _aspa
100 _aSala Carbonell, Cristina
245 0 _aLocos por... los smoothies
264 _a[Madrid, España] :
_bDe Vecchi,
_c2012
300 _a192 páginas
650 _aCooking
856 _uhttps://public.digitaliapublishing.com/a/31139
942 _cCF
999 _c81601
_d81601